Rodrigo Rose
MIT A
Categories
History - European History | 0 | 2 | 0 | 0 | 20 | 86 | 104.00 | 0 | 2 |
Literature - American Literature | 0 | 2 | 0 | 0 | 20 | 73 | 99.50 | 1 | 2 |
Current Events | 1 | 0 | 0 | 0 | 15 | 54 | 54.00 | 1 | 1 |
History - World History | 1 | 0 | 0 | 0 | 15 | 78 | 78.00 | 1 | 1 |
History - American History | 0 | 1 | 0 | 0 | 10 | 80 | 80.00 | 0 | 1 |
Social Science | 0 | 1 | 0 | 1 | 10 | 123 | 123.00 | 0 | 1 |
Fine Arts - Other Fine Arts | 0 | 1 | 0 | 0 | 10 | 95 | 95.00 | 1 | 1 |
Literature - World Literature | 0 | 1 | 0 | 0 | 10 | 125 | 125.00 | 0 | 1 |
Mythology | 0 | 1 | 0 | 1 | 10 | 131 | 131.00 | 0 | 1 |
History - Other History | 0 | 1 | 0 | 0 | 10 | 131 | 131.00 | 1 | 1 |
Religion | 0 | 1 | 0 | 0 | 10 | 122 | 122.00 | 0 | 1 |
Science - Physics | 0 | 1 | 0 | 0 | 10 | 90 | 90.00 | 0 | 1 |
Pop Culture | 0 | 0 | 1 | 0 | -5 | 0.00 | 0 | 0 |